<?xml version="1.0" encoding="UTF-8"?>
<record
    xmlns:xsi="http://www.w3.org/2001/XMLSchema-instance"
    xsi:schemaLocation="http://www.loc.gov/MARC21/slim http://www.loc.gov/standards/marcxml/schema/MARC21slim.xsd"
    xmlns="http://www.loc.gov/MARC21/slim">

  <leader>02608nam a2200313Ia 4500</leader>
  <controlfield tag="001">dia_6562</controlfield>
  <controlfield tag="003">CHAP</controlfield>
  <controlfield tag="005">20251021150951.0</controlfield>
  <controlfield tag="008">220601s9999    xx            000 0 und d</controlfield>
  <datafield tag="020" ind1=" " ind2=" ">
    <subfield code="a">978-1-4200-6114-7</subfield>
  </datafield>
  <datafield tag="040" ind1=" " ind2=" ">
    <subfield code="c">CHAP</subfield>
  </datafield>
  <datafield tag="082" ind1=" " ind2=" ">
    <subfield code="a">612.015756 B56 2009</subfield>
  </datafield>
  <datafield tag="245" ind1=" " ind2=" ">
    <subfield code="a">Bioactive peptides / edici&#xF3;n John Howl y Sarah Jones</subfield>
  </datafield>
  <datafield tag="260" ind1=" " ind2=" ">
    <subfield code="a">Estados Unidos de Am&#xE9;rica : CRC Press</subfield>
  </datafield>
  <datafield tag="300" ind1=" " ind2=" ">
    <subfield code="a">xv, 479 p.</subfield>
  </datafield>
  <datafield tag="503" ind1=" " ind2=" ">
    <subfield code="a">I. 271627 (ej.1) \ I. 271628 (ej.2)</subfield>
  </datafield>
  <datafield tag="504" ind1=" " ind2=" ">
    <subfield code="a">Incluye bibliograf&#xED;as</subfield>
  </datafield>
  <datafield tag="505" ind1=" " ind2=" ">
    <subfield code="a">Angiotensins : from endocrine to intracrine functions / Mark C. Chappell -- CT, CGRP, amylin, and adrenomedullins / Debbie L. Hay and David R. Poyner -- Neuropeptide Y family peptides / Cla&#xB4;udia Cavadas, Joana Rosmaninho Salgado, and Eric Grouzmann -- Pituitary adenylate cyclase-activating polypeptide / Eve M. Lutz ... [et al.] -- Opioid peptides / Jane V. Aldrich -- Cholecystokinins and gastrins / Jens F. Rehfeld -- The chemistry and biology of insulin-like peptide 3, a novel member of the insulin superfamily / Fazel Shabanpoor ... [et al.] -- Somatostatin analogues / Kjell O&#xA8;berg -- Tachykinins / Nigel M. Page, Parvathy Subramaniam, and Suzanne E. Newton -- Neurotensin / Paul R. Dobner and Robert E. Carraway --Twenty-five years of galanin research / Johan Runesson ... [et al.] -- Bioactive peptides in gut-brain signalling / Erik Na&#xA8;slund, Per Gryba&#xA8;ck, and Per M. Hellstro&#xA8;m -- Nonribosomal peptides / Alexandra A. Roberts, Leanne A. Pearson, and Brett A. Neilan -- Anuran host-defense peptides that complex with Ca2+ calmodulin and inhibit the synthesis of the cell signalling agent nitric oxide by neuronal nitric oxide synthase / Jason R. Doyle ... [et al.] -- Host-defense peptides from the secretion of the skin glands of frogs and toads : membrane-active peptides from the genera litoria, uperoleia, and crinia / John H. Bowie ... [et al.] -- Antimicrobial peptides / Alison M. McDermott -- Mast cell degranulating peptides / Joseph A. Price -- Mastoparans / Sarah Jones and John Howl -- Spider venom and hemolymph-derived cytolytic and antimicrobial peptides / Lucia Kuhn-Nentwig, Christian Trachsel, and Wolfgang Nentwig.</subfield>
  </datafield>
  <datafield tag="590" ind1=" " ind2=" ">
    <subfield code="a">QP552.P4 B56 2009</subfield>
  </datafield>
  <datafield tag="650" ind1=" " ind2=" ">
    <subfield code="a">1. P&#xE9;ptidos - Efecto fisiol&#xF3;gico </subfield>
  </datafield>
  <datafield tag="650" ind1=" " ind2=" ">
    <subfield code="a">P&#xE9;ptidos - Fisiolog&#xED;a </subfield>
  </datafield>
  <datafield tag="650" ind1=" " ind2=" ">
    <subfield code="a">Peptides - Physiological effect </subfield>
  </datafield>
  <datafield tag="650" ind1=" " ind2=" ">
    <subfield code="a">Peptides - Physiology</subfield>
  </datafield>
  <datafield tag="700" ind1=" " ind2=" ">
    <subfield code="a">Howl, John, ed. \ Jones, Sarah, ed.&#xCC;</subfield>
    <subfield code="9">176399</subfield>
  </datafield>
  <datafield tag="901" ind1=" " ind2=" ">
    <subfield code="a">612.015756 B56 2009</subfield>
  </datafield>
  <datafield tag="902" ind1=" " ind2=" ">
    <subfield code="a">A</subfield>
  </datafield>
  <datafield tag="905" ind1=" " ind2=" ">
    <subfield code="a">5232272009                          -usafmn8222223322eng16</subfield>
  </datafield>
  <datafield tag="942" ind1=" " ind2=" ">
    <subfield code="c">LIBRO</subfield>
    <subfield code="2">ddc</subfield>
  </datafield>
  <datafield tag="999" ind1=" " ind2=" ">
    <subfield code="c">209668</subfield>
    <subfield code="d">209668</subfield>
  </datafield>
  <datafield tag="952" ind1=" " ind2=" ">
    <subfield code="0">0</subfield>
    <subfield code="1">0</subfield>
    <subfield code="2">ddc</subfield>
    <subfield code="4">0</subfield>
    <subfield code="7">0</subfield>
    <subfield code="8">GRAL</subfield>
    <subfield code="a">IA_</subfield>
    <subfield code="b">IA_</subfield>
    <subfield code="c">1</subfield>
    <subfield code="d">2022-06-01</subfield>
    <subfield code="l">0</subfield>
    <subfield code="p">dia_010799</subfield>
    <subfield code="r">2022-06-01 00:00:00</subfield>
    <subfield code="t">2</subfield>
    <subfield code="w">2022-06-01</subfield>
    <subfield code="y">LIBRO</subfield>
  </datafield>
  <datafield tag="952" ind1=" " ind2=" ">
    <subfield code="0">0</subfield>
    <subfield code="1">0</subfield>
    <subfield code="2">ddc</subfield>
    <subfield code="4">0</subfield>
    <subfield code="7">0</subfield>
    <subfield code="8">GRAL</subfield>
    <subfield code="a">IA_</subfield>
    <subfield code="b">IA_</subfield>
    <subfield code="c">1</subfield>
    <subfield code="d">2022-06-01</subfield>
    <subfield code="l">0</subfield>
    <subfield code="p">dia_010798</subfield>
    <subfield code="r">2022-06-01 00:00:00</subfield>
    <subfield code="t">1</subfield>
    <subfield code="w">2022-06-01</subfield>
    <subfield code="y">LIBRO</subfield>
  </datafield>
</record>
